<?xml version="1.0" encoding="UTF-8"?>
<collection xmlns:xsi="http://www.w3.org/2001/XMLSchema-instance" xsi:schemaLocation="http://www.loc.gov/MARC21/slim http://www.loc.gov/standards/marcxml/schema/MARC21slim.xsd" xmlns="http://www.loc.gov/MARC21/slim">
 <record>
  <leader>00000ctm a22000003a 4500</leader>
  <controlfield tag="001">UP-8027390931316262362</controlfield>
  <controlfield tag="003">Buklod</controlfield>
  <controlfield tag="005">20160416093817.0</controlfield>
  <controlfield tag="006">a     r    |||| u|</controlfield>
  <controlfield tag="007">ta</controlfield>
  <controlfield tag="008">160416s        xx     d     r    |||| u|</controlfield>
  <datafield tag="035" ind1=" " ind2=" ">
   <subfield code="a">(iLib)UPMIN-00008421228</subfield>
  </datafield>
  <datafield tag="040" ind1=" " ind2=" ">
   <subfield code="a">upmin</subfield>
  </datafield>
  <datafield tag="041" ind1=" " ind2=" ">
   <subfield code="a">eng</subfield>
  </datafield>
  <datafield tag="090" ind1=" " ind2="0">
   <subfield code="a">LG993.2 2010 M21</subfield>
   <subfield code="b">G65</subfield>
  </datafield>
  <datafield tag="100" ind1="1" ind2=" ">
   <subfield code="a">Gomez, Zyrie Majalyn D.</subfield>
   <subfield code="e">author.</subfield>
  </datafield>
  <datafield tag="245" ind1="1" ind2="0">
   <subfield code="a">The Rural Bank of Digos Inc.</subfield>
   <subfield code="b">5 year strategic plan</subfield>
   <subfield code="c">Zyrie Majalyn D. Gomez.</subfield>
  </datafield>
  <datafield tag="264" ind1=" " ind2="1">
   <subfield code="a">Davao City</subfield>
   <subfield code="b">School of Management, University of the Philippines Mindanao</subfield>
   <subfield code="c">2010.</subfield>
  </datafield>
  <datafield tag="300" ind1=" " ind2=" ">
   <subfield code="a">xi, 63 leaves</subfield>
  </datafield>
  <datafield tag="500" ind1=" " ind2=" ">
   <subfield code="a">Thesis, Graduate (Master in Management)--University of the Philippines Mindanao, January 2010.</subfield>
  </datafield>
  <datafield tag="520" ind1=" " ind2=" ">
   <subfield code="a">Rural Bank of Digos, Inc. (RBDI) was established in December of 1955. At present, it has 83 employees operating from 5 branches. The bank has been profitable since inception providing financial products and services to numerous individuals and businesses in Southern Mindanao. Its products which include deposits, loans, bills payment and money transfer coupled with quality service and sound management enabled RBDI to expand and survive for 54 years. With the extreme competition in the finance industry and fluctuating economic events, RBDI is faced with the perennial question as to how it should position itself in order to achieve sustainable corporate growth and profitability in the next 50 years or so. This study involved interviews and discussions with RBDI?s management which led to the identification  of the major strategic issues facing RBDI such as: growing competition in the financial sector which translates to a need for RBDI to innovate and maximize market share. Likewise, the need to innovate is challenged by RBDI?s outdated infrastructure and the conscious effort to increase income and control cost. The environmental scan and organizational assessment presented in the succeeding chapters helped in the development of strategic choices which resulted to the identification of RBDI?s need to focus on product development and market penetration strategies. The major strategies that RBDI should consider for implementation are: develop innovative products that serve the needs of its market and untapped markets, aggressive promotion of products and services to maximize market share and invest in technology for increased monitoring, evaluation and efficient service. The total cost for product development, promotion and system upgrade will be P 1,200,000.00. To support these strategies, RBDI should achieve and maintain a 20% annual growth in income in the first five years through increase sales and maintaining a quality loan portfolio. The strategic thought is then translated into organizational action detailing the activities to be taken by each functional area of the organization. Finally, to ensure successful implementation of these strategies corresponding indicators are outlined for monitoring and evaluation purposes and existing policies are updated.</subfield>
  </datafield>
  <datafield tag="650" ind1="1" ind2="7">
   <subfield code="a">Strategic plan.</subfield>
  </datafield>
  <datafield tag="658" ind1=" " ind2=" ">
   <subfield code="a">Policy and Strategic Planning</subfield>
   <subfield code="c">M241.</subfield>
  </datafield>
  <datafield tag="700" ind1="1" ind2=" ">
   <subfield code="a">Soledad, Miguel D.</subfield>
   <subfield code="e">adviser.</subfield>
  </datafield>
  <datafield tag="700" ind1="1" ind2=" ">
   <subfield code="a">Concepcion, Sylvia B.</subfield>
   <subfield code="e">adviser.</subfield>
  </datafield>
  <datafield tag="905" ind1=" " ind2=" ">
   <subfield code="a">UP</subfield>
  </datafield>
  <datafield tag="905" ind1=" " ind2=" ">
   <subfield code="a">FI</subfield>
  </datafield>
  <datafield tag="852" ind1="0" ind2=" ">
   <subfield code="a">UPMIN</subfield>
   <subfield code="b">UPMIN-MAIN</subfield>
   <subfield code="h">LG993.2 2010 M21 G65</subfield>
  </datafield>
  <datafield tag="942" ind1=" " ind2=" ">
   <subfield code="a">Thesis</subfield>
  </datafield>
 </record>
</collection>
